UM Logo

Racial-ethnic microaggressions, coping strategies, and mental health in asian american and latinx american college students: (Record no. 24196)

MARC details
000 -LEADER
fixed length control field 00972nam a22002177a 4500
003 - CONTROL NUMBER IDENTIFIER
control field OSt
005 - DATE AND TIME OF LATEST TRANSACTION
control field 20251112181522.0
008 - FIXED-LENGTH DATA ELEMENTS--GENERAL INFORMATION
fixed length control field 251112b |||||||| |||| 00| 0 eng d
040 ## - CATALOGING SOURCE
Transcribing agency 0
082 ## - DEWEY DECIMAL CLASSIFICATION NUMBER
Classification number DPer 361.05 J826 March 2018 v. 65 n. 2
100 ## - MAIN ENTRY--PERSONAL NAME
Personal name Sanchez, Delida
Relator term author.
9 (RLIN) 69355
245 ## - TITLE STATEMENT
Title Racial-ethnic microaggressions, coping strategies, and mental health in asian american and latinx american college students:
Remainder of title A mediation model.
Statement of responsibility, etc. Delida Sanchez, Whitney N. Adams, Sarah C. Arango, and Alaina E. Flannigan.
260 ## - PUBLICATION, DISTRIBUTION, ETC. (IMPRINT)
Place of publication, distribution, etc. U.S.A :
Name of publisher, distributor, etc. American Psychological Association ;
Date of publication, distribution, etc. March 2018.
300 ## - PHYSICAL DESCRIPTION
Extent Volume 65, pages 214-225 :
Other physical details illustration ;
Dimensions 28 cm.
500 ## - GENERAL NOTE
General note Journal of Counseling Psychology, vol. 65, no. 2, pages 214-225, March 2018.
700 ## - ADDED ENTRY--PERSONAL NAME
Personal name Sanchez, Delida
Relator term author.
9 (RLIN) 69355
700 ## - ADDED ENTRY--PERSONAL NAME
Personal name Adams, Whitney N.
Relator term author.
9 (RLIN) 69356
700 ## - ADDED ENTRY--PERSONAL NAME
Personal name Arango, Sarah C.
Relator term author.
9 (RLIN) 69357
700 ## - ADDED ENTRY--PERSONAL NAME
Personal name Flannigan, Alaina E.
Relator term author.
9 (RLIN) 69358
942 ## - ADDED ENTRY ELEMENTS (KOHA)
Source of classification or shelving scheme Dewey Decimal Classification
Koha item type Periodicals
Holdings
Withdrawn status Lost status Source of classification or shelving scheme Damaged status Not for loan Collection code Home library Current library Date acquired Total Checkouts Full call number Date last seen Price effective from Koha item type Public note
    Dewey Decimal Classification     Periodicals UM Digos College - LIC UM Digos College - LIC 11/12/2025   DPer 361.05 J826 March 2018 v. 65 n. 2 11/12/2025 11/12/2025 Periodicals Periodical Article